[Event "Boeing Action"]
[Site "?"]
[Date "1973.08.21"]
[Round "2"]
[White "Bailey, B."]
[Black "Walker, L."]
[Result "1-0"]
[WhiteElo "2056"]
[BlackElo "100"]
[Annotator "Stockfish 14 (15s)"]
[PlyCount "33"]
[EventDate "1973.??.??"]

{B04: Alekhine's Defence: 4 Nf3} 1. e4 Nf6 2. e5 Nd5 3. d4 d6 4. Nf3 e6 5. c4
c5 $4 $146 (5... Nb6 6. Nc3 dxe5 7. Nxe5 N8d7 8. Bd3 (8. Nf3 c5 9. Be3 cxd4 10.
Bxd4 f6 11. Bd3 e5 12. Nxe5 Qe7 13. Qh5+ Kd8 14. f4 fxe5 15. fxe5 Qe6 16. O-O-O
g6 17. Qe2 Kc7 18. Rhe1 Nc5 19. Nd5+ Kb8 20. Kb1 Nxd3 21. Rxd3 Nd7 22. Nf4 Qxc4
{Prahov,V (2208)-Paz,R (1941) Montreal 2000 1-0}) (8. f4 g6 9. Be3 Bg7 10. Be2
c6 11. O-O Nf6 12. Qb3 O-O 13. Rad1 Qc7 14. g4 Nfd7 15. g5 f6 16. Ng4 f5 17.
Ne5 Nxe5 18. dxe5 Re8 19. Bc5 Bf8 20. Bd6 Qf7 21. Kg2 Bxd6 22. Rxd6 Qe7 {
Adam,D (2025)-Wulf,A (1986) Doerentrup 2005 1-0 (44)}) 8... Nxe5 9. dxe5 Nd7
10. Bf4 Nc5 11. Bc2 Qxd1+ 12. Rxd1 Bd7 13. b4 Na6 14. a3 Be7 15. O-O O-O-O 16.
Nb5 Bxb5 17. cxb5 Nb8 18. Be3 Nd7 19. f4 Nb6 20. Bc5 Bxc5+ {
Polajzer,D (2300)-Abel,L (2275) Budapest 1986 0-1}) (5... Ne7 $142 6. exd6 cxd6
$16) 6. cxd5 $18 cxd4 (6... dxe5 7. Bb5+ Bd7 8. Bxd7+ Qxd7 9. dxe6 fxe6 10.
Nxe5 $18) 7. Bb5+ Nd7 (7... Bd7 8. dxe6 fxe6 9. Nxd4 Bxb5 10. Nxb5 $18) 8. dxe6
fxe6 9. O-O (9. Nxd4 Qe7 10. O-O dxe5 $18) 9... Be7 (9... a6 10. Nxd4 axb5 11.
Nxe6 $18) 10. exd6 Bxd6 (10... Bf6 11. Nbd2 O-O 12. Ne4 $18) 11. Nxd4 (11. Qxd4
$142 Bxh2+ 12. Kxh2 Qf6 $18) 11... O-O 12. Nxe6 Qh4 (12... Qe7 13. Nxf8 Nxf8
14. Re1 $18) 13. g3 (13. Qxd6 $142 $5 Qf6 14. Bg5 Qe5 15. Qxe5 Nxe5 16. Nxf8
Kxf8 $18) 13... Bxg3 (13... Qe7 14. Nxf8 Nxf8 15. Nc3 $18) 14. hxg3 Qh3 15. Qd5
(15. Bxd7 Rf6 16. Bxc8 Rxc8 $18) 15... Kh8 (15... Nb6 16. Nf4+ Nxd5 17. Nxh3
Bxh3 $18) 16. Nxf8 (16. Bxd7 $142 Qf5 17. Qxf5 Rxf5 $18) 16... Rb8 17. Bc4 (17.
Bc4 Nf6 18. Qd8 Qg2+ 19. Kxg2 Bh3+ 20. Kxh3 Rxd8 21. Ne6 $18) 1-0

[Event "ACS Fall Congress"]
[Site "?"]
[Date "1973.10.07"]
[Round "1"]
[White "Shaff, J."]
[Black "Bailey, B."]
[Result "1/2-1/2"]
[WhiteElo "1633"]
[BlackElo "2056"]
[Annotator "Stockfish 14 (15s)"]
[PlyCount "71"]
[EventDate "1973.??.??"]

{C95: Closed Ruy Lopez: Breyer Variation with 10 d4} 1. e4 e5 2. Nf3 Nc6 3. Bb5
a6 4. Ba4 Nf6 5. O-O b5 6. Bb3 Be7 7. Re1 d6 8. c3 O-O 9. h3 Nb8 10. d4 Nbd7
11. c4 Bb7 12. Nc3 b4 13. Nd5 Nxd5 14. cxd5 c5 $146 (14... exd4 15. Nxd4 Bf6
16. Be3 Nc5 17. f3 a5 18. Qd2 Be5 19. Bc4 h6 20. Nf5 Bc8 21. Bxc5 dxc5 22. f4
Bf6 23. g4 Bxf5 24. gxf5 Bd4+ 25. Kh2 Qh4 26. Re2 Kh8 27. Rg2 Rfe8 28. Re1 f6
29. Ree2 {Wu Xibin (2390)-Irwanto,S (2517) Kuala Lumpur 2005 1/2-1/2 (36)}) (
14... c6 15. dxe5 dxe5 16. d6 Bf6 17. Be3 a5 18. Rc1 Rc8 19. Ba4 Re8 20. Nd2
Re6 21. Nb3 Nb8 22. Qg4 Rxd6 23. Red1 Rxd1+ 24. Rxd1 Qc7 25. Nc5 Rd8 26. Rxd8+
Bxd8 27. Qe2 Bc8 28. Qd3 Be7 29. Bb3 {
Mihalichenko,V (2276)-Tarlev,K (2358) Kharkov 2003 1/2-1/2 (45)}) (14... a5 15.
Ba4 exd4 16. Nxd4 $16) 15. dxe5 $18 Nxe5 16. Nxe5 dxe5 17. Be3 Bd6 18. Rc1 Qe7
19. Qg4 Bc8 (19... a5 20. Ba4 Rfc8 21. Bb5 $16) 20. Qg3 f5 $4 (20... Bd7 21. f4
f6 $18) 21. Bxc5 $1 f4 (21... Bxc5 22. d6+ {Passed pawn Double attack}) 22. Qf3
Bd7 23. Bxb4 $1 Kh8 (23... Bxb4 24. d6+ {Passed pawn Double attack}) 24. Bxd6
Qxd6 25. Rc3 (25. Rc4 $5 Rab8 26. Rb1 a5 $18) 25... g5 26. Bd1 Rg8 (26... g4
27. hxg4 Rg8 28. Qd3 $18) 27. Qd3 g4 28. hxg4 (28. Bxg4 Bxg4 29. hxg4 Rxg4 $18)
28... Bxg4 (28... Rg7 29. Bf3 Rag8 30. Rec1 Bxg4 31. Kf1 Bxf3 32. gxf3 $18) 29.
Bxg4 Rxg4 30. Rc6 Qd7 (30... Qe7 31. Kf1 Rag8 32. d6 $18) 31. Qc3 Rag8 (31...
Rg5 32. Kf1 Qg4 33. Qf3 $18) 32. Qxe5+ R8g7 (32... Qg7 33. Qxg7+ Kxg7 34. e5
$18) 33. Qb8+ (33. Rec1 Rxg2+ 34. Kf1 Rg1+ 35. Ke2 Rxc1 36. Rxc1 Qb5+ 37. Ke1
Qa5+ 38. Kd1 Qa4+ 39. b3 Qd7 40. d6 Qg4+ 41. Kd2 h5 42. Rc7 Kh7 43. Qxg7+ Qxg7
44. Rxg7+ Kxg7 45. d7 h4 46. d8=Q h3 47. Qh4 h2 48. Qxh2 a5 49. Qxf4 a4 50.
bxa4 Kg6 51. e5 Kh7 52. Qf6 Kg8 53. e6 Kh7 54. e7 Kg8 55. Qg6+ Kh8 56. e8=Q#)
33... Rg8 34. Qe5+ R8g7 (34... R4g7 35. Kf1 $18) 35. Qb8+ (35. Rec1 $142 Rxg2+
36. Kf1 Rg1+ 37. Ke2 Rxc1 38. Rxc1 Qg4+ 39. Kd2 $18) 35... Rg8 36. Qe5+ 1/2-1/2

[Event "ACS Fall Congress"]
[Site "?"]
[Date "1973.10.08"]
[Round "2"]
[White "Bailey, B."]
[Black "Winkel, D."]
[Result "1/2-1/2"]
[WhiteElo "2056"]
[BlackElo "1658"]
[Annotator "Stockfish 14 (15s)"]
[PlyCount "95"]
[EventDate "1973.??.??"]

{C19: French: 3 Nc3 Bb4: Main line: 7 Nf3 and 7 a4} 1. e4 e6 2. d4 d5 3. Nc3
Bb4 4. e5 c5 5. a3 Bxc3+ 6. bxc3 Ne7 7. Nf3 Qa5 8. Bd2 Nbc6 9. c4 (9. Be2 b6
10. O-O Ba6 11. c4 Qa4 12. cxd5 exd5 13. Bxa6 Qxa6 14. dxc5 bxc5 15. Re1 O-O
16. e6 h6 17. Bf4 fxe6 18. Bd6 Rf6 19. Bxc5 Ng6 20. Nd4 e5 21. Nb3 Rd8 22. f3
d4 23. Nd2 Nf4 {Petrushin,A (2380)-Totsky,L (2435) Orel 1992 0-1 (67)}) 9...
Qa4 (9... Qc7 10. cxd5 exd5 11. c3 Bf5 12. Be2 O-O 13. O-O Ng6 14. Re1 f6 15.
exf6 Rxf6 16. Bg5 Rff8 17. dxc5 Be4 18. c4 Nf4 19. cxd5 Nxe2+ 20. Rxe2 Bxf3 21.
gxf3 Ne5 22. Re3 Rf5 23. f4 Nc4 24. Re7 {
Rodriguez,A (1925)-Auger,B (2038) Trois Rivieres 2006 0-1 (41)}) 10. cxd5 $146
(10. c3 Qxd1+ 11. Rxd1 O-O 12. cxd5 exd5 13. Be2 Bg4 14. Be3 Nf5 15. O-O Nxe3
16. fxe3 c4 17. h3 Bh5 18. g4 Bg6 19. Nd2 f6 20. exf6 Rxf6 21. Rxf6 gxf6 22.
Bf3 Rd8 23. e4 dxe4 24. Nxe4 Bxe4 {
Bere Filho,R (2108)-Matsuura,F (2296) Sao Paulo 2004 1-0 (56)}) (10. dxc5 dxc4
11. Qe2 Qxc2 12. Rc1 Qb2 13. Rxc4 Qxa3 14. Qe4 Ng6 15. Rc1 O-O 16. h4 h5 17.
Rh3 Rd8 18. Rg3 Nce7 19. Rg5 Bd7 20. Be2 Bc6 21. Qc4 Nf5 22. Rxh5 Bxf3 23. Bxf3
Nxe5 24. Qc3 Nxf3+ {Plasman,H (2152)-Wilgenhof,O (2235) Dieren 1999 0-1}) 10...
Nxd4 11. Nxd4 Qxd4 12. Bb5+ Bd7 13. Bxd7+ Kxd7 14. dxe6+ (14. O-O $142 $5 Qxd5
15. Qh5 $15) 14... Kxe6 $17 15. f4 (15. O-O Rad8 16. Be3 Qxd1 17. Raxd1 $17)
15... Qe4+ (15... Rad8 $142 $5 16. c3 Qd3 $17) 16. Kf2 (16. Qe2 Qxe2+ 17. Kxe2
Rhd8 $11) 16... Rad8 $15 17. Re1 Qd4+ (17... Qc4 $142 $5 18. Qg4+ Nf5 $17) 18.
Be3 $11 Qxd1 19. Rexd1 b6 20. a4 Nc6 21. Kf3 f6 22. exf6 Kxf6 23. Bf2 Kf7 24.
c3 g6 25. Bh4 Rxd1 26. Rxd1 Ke6 27. Ke4 Rf8 28. g4 h6 29. Bg3 Ne7 30. Rf1 (30.
Bh4 Nc6 $16) 30... Rf7 (30... h5 31. h3 $11) 31. Rd1 (31. h3 h5 $14) 31... Rf8
(31... h5 32. h3 $14) 32. h3 (32. Bh4 Nc6 $16) 32... Nc8 (32... h5 33. Kf3
hxg4+ 34. hxg4 $14) 33. f5+ (33. Kf3 $5 $16) 33... gxf5+ $11 34. gxf5+ Rxf5 35.
Rd8 Ne7 36. Rd6+ Kf7 37. Rxh6 Rf1 38. Rh7+ Ke6 39. Bh4 Nf5 40. Bd8 Nd6+ (40...
Rd1 41. Bg5 $11) 41. Kd3 $11 Rf3+ 42. Kd2 Nc4+ 43. Kc2 Rf2+ 44. Kd3 Nb2+ 45.
Ke3 (45. Ke4 Nxa4 46. Rh6+ Kf7 $11) 45... Nd1+ (45... Rf8 $5 46. Bg5 Nxa4 $17)
46. Kd3 $11 Nb2+ 47. Ke3 (47. Ke4 $5 $15) 47... Nd1+ 48. Kd3 1/2-1/2

[Event "ACS Fall Congress"]
[Site "?"]
[Date "1973.10.09"]
[Round "3"]
[White "Rupel, D."]
[Black "Bailey, B."]
[Result "1-0"]
[WhiteElo "1963"]
[BlackElo "2056"]
[Annotator "Stockfish 14 (15s)"]
[PlyCount "145"]
[EventDate "1973.??.??"]

{D02: 1 d4 d5 2 Nf3 sidelines, including 2...Nf6 3 g3 and 2...Nf6 3 Bf4} 1. d4
d5 2. Nf3 Nf6 3. Nbd2 e6 4. g3 c5 5. Bg2 Nc6 6. dxc5 (6. e3 Bd6 7. b3 O-O 8.
Bb2 Qc7 9. c4 cxd4 10. exd4 Ne4 11. Nxe4 dxe4 12. Ng5 Qa5+ 13. Kf1 Qxg5 14.
Bxe4 f5 15. Bf3 Bb4 16. Kg2 Qd2 17. Qxd2 Bxd2 18. d5 Nd8 19. Rad1 Bg5 20. Rhe1
Bf6 {Novak,I (2321)-Mlacnik,F (2132) La Pineda 2004 0-1 (35)}) 6... Bxc5 7. Nb3
Be7 8. O-O $146 (8. Bf4 O-O 9. O-O Bd7 10. c3 Rc8 11. Re1 Na5 12. Nbd2 Qb6 13.
b4 Nc4 14. Nxc4 Rxc4 15. Be3 Qc7 16. Bd4 Ne4 17. Ne5 Nxc3 18. Qd3 Bb5 19. Nxc4
Nxe2+ 20. Qxe2 Bxb4 21. Qg4 g6 22. Ne3 Bxe1 {
Hjorth,M (1897)-Wolke,R (2108) Hamburg 2001 1-0}) (8. c4 O-O 9. cxd5 Qxd5 10.
Qxd5 Nxd5 $11) 8... O-O $17 9. Nbd4 Bd7 10. b3 (10. Nxc6 Bxc6 11. Ne5 Bb5 $15)
10... Rc8 (10... Nxd4 11. Qxd4 Bb5 12. c4 dxc4 13. bxc4 $17) 11. Bb2 Qc7 12.
Rc1 (12. Nxc6 Bxc6 13. Ne5 Bb5 $15) 12... Na5 13. Nd2 (13. e3 $142 $17) 13...
Rfd8 (13... e5 $142 14. N4f3 Nc6 $17) 14. c4 $11 dxc4 15. Nxc4 Nxc4 16. Rxc4
Qb6 17. Rxc8 Bxc8 (17... Rxc8 $143 18. Nf5 exf5 19. Bxf6 Qxf6 20. Qxd7 $14) 18.
Qc2 Nd5 19. Nf5 exf5 20. Bxd5 f4 21. Qc4 fxg3 $2 (21... Qg6 $142 $11) 22. Bxf7+
$16 Kf8 23. hxg3 Bh3 (23... Qc5 24. Rc1 Qxc4 25. Bxc4 $18 (25. bxc4 $4 Kxf7 26.
Rc3 Rd2 27. Rf3+ Kg6 $19)) 24. Rc1 (24. Ra1 Qc5 25. Be6 Qxc4 26. Bxc4 Bf5 $18)
24... Rc8 $2 (24... Qc6 $142 25. Qxc6 bxc6 $16) 25. Qf4 $18 Rxc1+ 26. Bxc1 Bd6
(26... Qf6 27. Qxf6 Bxf6 $18 (27... gxf6 $4 28. Bd5 Bc8 29. Bh6+ Ke8 30. Be4
$18)) 27. Qf3 Qc7 (27... Bg4 28. Qxg4 Kxf7 29. Qf3+ Ke6 30. Qg4+ Kf7 31. Qf5+
Kg8 32. Qe6+ Kf8 33. Qf5+ Kg8 34. Qd5+ Kf8 35. Qf3+ Kg8 36. Be3 $18) 28. Be6+ (
28. Bc4+ $142 Ke8 29. Qh5+ Kd8 30. Qxh3 h6 31. Qh4+ Qe7 $18) 28... Ke8 29. Qe3
(29. Bc4 $142 Qd7 30. Be3 Kd8 31. Bxa7 Kc8 $18) 29... Bxe6 $4 (29... Bc5 $142
30. Qe4 Bxf2+ 31. Kxf2 Qb6+ 32. Be3 Qxe6 33. Qxb7 Qf6+ 34. Bf4 Qd4+ 35. Kf3
Qc3+ 36. Kf2 Qd4+ 37. Kf3 Qc3+ 38. e3 Qd2 39. Qb5+ Kf8 40. Qb8+ Kf7 41. Qxa7+
Kg8 42. Qb8+ Kf7 43. Qc7+ Kg8 44. Qc4+ Kh8 $11) 30. Qxe6+ $18 Kf8 31. Qf5+ Kg8
32. Be3 b6 (32... a6 33. Qe6+ Kf8 34. Qe4 $18) 33. Qd5+ (33. Qe6+ Kf8 34. Qe4
h6 $18) 33... Kf8 (33... Kh8 34. Bd4 $18) 34. Qa8+ (34. Qe4 g6 35. Bh6+ Kf7 36.
Qd5+ Kf6 $18) 34... Kf7 (34... Qb8 35. Qe4 Kg8 36. Qe6+ Kf8 37. Bd4 $18) 35.
Qd5+ Kf8 36. Qe6 (36. Qe4 h6 37. Bf4 a5 $18) 36... h6 (36... Be5 37. Qf5+ Kg8
38. Qe6+ Kf8 39. a4 $18) 37. Qf5+ Kg8 38. Qd5+ (38. Qg6 $5 Kf8 39. Bd4 Ba3 $18)
38... Kh7 39. Qf5+ (39. Qe4+ Kh8 $18) 39... Kg8 (39... g6 40. Qe6 Be5 41. b4
$18) 40. Qg6 Kf8 41. Qe6 (41. Bd4 $142 Ba3 42. Qe6 $18) 41... a5 (41... Bc5 $18
) 42. Qf5+ Kg8 (42... Ke7 43. Bd4 Bc5 44. Be5 $18) 43. Qb5 Bc5 (43... Bxg3 44.
Bxb6 Qc1+ 45. Kg2 $18) 44. Qc4+ Kh8 45. Qc3 (45. Bxc5 bxc5 46. e4 h5 $18) 45...
Kg8 46. Qc4+ Kh8 (46... Kh7 47. Bxc5 bxc5 48. e4 $18) 47. Qf4 (47. Bxc5 $5 bxc5
48. e4 h5 $18) 47... Qe7 (47... Qxf4 48. Bxf4 (48. gxf4 $6 Bxe3 49. fxe3 g5 $11
) 48... h5 49. Bd2 $18) 48. Bxc5 Qxc5 49. Qd2 (49. e4 $142 Qc2 50. e5 Qd1+ 51.
Kh2 Qd5 52. Qf8+ Kh7 $18) 49... Qc6 50. f3 (50. Qd8+ $142 Kh7 51. Qd3+ Kh8 $18)
50... a4 (50... Kh7 51. Kf2 $18) 51. Qd8+ Kh7 52. Qd3+ Kh8 53. Qc4 (53. Qd8+
Kh7 54. Qd3+ Kh8 $18) 53... Qg6 (53... Qd6 54. Kf2 a3 55. Qc8+ Kh7 56. Qc3 $18)
54. Kf2 (54. g4 axb3 55. axb3 Qe8 $18) 54... axb3 $2 (54... a3 55. Qd5 Qe8 $18)
55. axb3 Qd6 56. b4 Qf6 (56... Qd7 57. Qd3 Qe6 58. b5 $18) 57. Kg2 (57. Qd5
$142 Qf8 58. b5 Qf6 $18) 57... Qd6 (57... Qe7 $18) 58. b5 Qe5 (58... Qd2 59.
Qd3 Qe1 60. Qe3 $18) 59. e4 Qb2+ 60. Kh3 Qf2 (60... h5 61. Qc6 Kh7 62. Qxb6 $18
) 61. Qc8+ Kh7 62. Qf5+ Kg8 (62... Kh8 63. Qf8+ Kh7 64. Qf5+ Kh8 $18) 63. Qd5+
Kh7 64. e5 h5 (64... Qf1+ 65. Kg4 h5+ 66. Kf4 Qc1+ 67. Kf5 Qc8+ 68. e6 $18) 65.
e6 Kh6 (65... g5 66. Qd1 Kg7 $18) 66. f4 Qf1+ 67. Kh4 g6 (67... Qe2 68. Qg5+
Kh7 69. Qxh5+ Qxh5+ 70. Kxh5 Kg8 71. Kg6 Kf8 72. Kf5 g6+ 73. Ke5 Ke7 74. g4 Ke8
75. Kd6 g5 76. f5 Kd8 77. e7+ Ke8 78. f6 Kf7 79. Kd7 Kxf6 80. e8=Q Kg7 81. Ke7
Kh7 82. Kf6 Kh6 83. Qh8#) 68. Qa8 (68. Qg5+ Kh7 69. Qe5 Qd1 70. Kg5 Qd8+ 71. e7
Qe8 72. Qe6 h4 73. f5 h3 74. Qxg6+ Qxg6+ 75. fxg6+ Kg7 76. e8=Q h2 77. Qf7+ Kh8
78. Qh7#) 68... Kg7 69. Qb7+ Kh6 70. Qa8 Kg7 71. e7 (71. Qd5 Kf6 72. Qe5+ Ke7
73. Kg5 Qb1 74. Qf6+ Kd6 75. e7+ Kd7 76. Qf7 Qf5+ 77. Qxf5+ gxf5 78. Kf6 h4 79.
gxh4 Ke8 80. h5 Kd7 81. h6 Kd6 82. e8=Q Kc5 83. Qe5+ Kb4 84. h7 Ka3 85. Kxf5
Ka2 86. h8=Q Kb3 87. Qb2+ Kc4 88. Qhd4#) 71... g5+ $4 (71... Qe2 $142 72. e8=N+
Kh6 $11) 72. Kxg5 Qxb5+ 73. f5 (73. f5 Qe5 74. Qf8+ Kh7 75. Qf7+ Qg7+ 76. Qxg7+
Kxg7 77. e8=Q h4 78. f6+ Kh7 79. Qg6+ Kh8 80. Qg7#) 1-0

[Event "ACS Fall Congress"]
[Site "?"]
[Date "1973.10.10"]
[Round "4"]
[White "Bailey, B."]
[Black "Doolittle, L."]
[Result "1-0"]
[WhiteElo "2056"]
[BlackElo "1496"]
[Annotator "Stockfish 14 (15s)"]
[PlyCount "47"]
[EventDate "1973.??.??"]

{B98: Sicilian Najdorf: 6 Bg5 e6 7 f4 Be7, sidelines} 1. e4 c5 2. Nf3 d6 3. d4
cxd4 4. Nxd4 Nf6 5. Nc3 a6 6. Bg5 e6 7. f4 Be7 8. Bd3 Qc7 9. Qe2 Nc6 $146 (9...
Nbd7 10. O-O-O (10. Nb3 b5 11. O-O O-O 12. Rae1 h6 13. Bh4 b4 14. Nd1 Bb7 15.
e5 dxe5 16. fxe5 Nd5 17. Bxe7 Nxe7 18. Nd4 Bd5 19. c4 Qc5 20. Kh1 Qxd4 21. cxd5
Nxd5 22. Qe4 Qxe4 23. Bxe4 N7b6 24. Ne3 Rac8 {
Losan,R-Lacina,F (2019) Prague 2006 0-1 (40)}) 10... O-O (10... b5 11. Rhe1 Bb7
(11... h6 12. Bh4 g5 13. fxg5 hxg5 14. Bxg5 Bb7 15. h4 O-O-O 16. Kb1 b4 17. Na4
Qa5 18. b3 Ne5 19. Rc1 Kb8 20. c3 Rc8 21. cxb4 Qxb4 22. Nc2 Qa5 23. Bd2 Qd8 24.
Bxa6 Bxa6 25. Qxa6 Rc6 26. Qb5+ {
Pardinas Riano,E (1918)-Gago Padreny,I (1686) Collado Villalba 2003 1-0}) 12.
e5 dxe5 13. fxe5 Nd5 14. Bxe7 Nxc3 15. Qg4 Kxe7 16. Nxe6 h5 17. Qg5+ Kxe6 18.
Bf5# {1-0 (18) Hausner,I (2441)-Hase,P (2096) Prague 2003}) 11. Rhe1 Nc5 12. e5
dxe5 13. fxe5 Nd5 14. Ne4 Qxe5 15. Qh5 Nxd3+ 16. Rxd3 Nf4 17. Qh4 Nxd3+ 18.
cxd3 Bxg5+ 19. Nxg5 Qc5+ 20. Kb1 h6 21. Ndf3 Bd7 22. g4 Bb5 {
0-1 (22) Goeth,J-Machacek,P Brno 1973}) (9... h6 $142 10. Bh4 Nxe4 11. Bxe7
Nxc3 $17) 10. Nxc6 $14 Qxc6 $2 (10... bxc6 11. e5 Nd5 12. Nxd5 cxd5 13. Bxe7
Qxe7 14. O-O-O $14) 11. e5 (11. O-O-O $142 Bd7 12. Rhf1 $16) 11... Ng8 $2 (
11... Nd5 12. Ne4 f6 13. Qh5+ Kd8 $18) 12. Nb5 $4 (12. Ne4 $142 dxe5 13. fxe5
Bxg5 14. Nxg5 $18) 12... dxe5 $11 (12... axb5 $4 13. Bxb5 Bd7 14. Bxc6 Bxc6 15.
Bxe7 Nxe7 16. exd6 $18) 13. Bxe7 Nxe7 14. fxe5 (14. Qxe5 $2 f6 (14... axb5 $4
15. Bxb5 O-O 16. Bxc6 Nxc6 17. Qc7 $18) 15. Qe2 Qb6 $19 (15... axb5 16. Bxb5
O-O 17. Bxc6 Nxc6 18. c3 $18)) 14... O-O 15. Nd6 Ng6 $2 (15... Qd5 $142 $14)
16. O-O-O $18 Nf4 $2 (16... Bd7 17. g3 Qb6 $18) 17. Qf2 Nxd3+ (17... Ng6 18.
Rhe1 Qa4 19. Kb1 $18) 18. Rxd3 b5 (18... f6 19. Rhd1 Bd7 20. Rf3 $18) 19. Rf1 (
19. Rg3 $142 Bb7 20. Qf6 g6 $18) 19... f6 20. Rg3 (20. exf6 $6 Rxf6 21. Qg1
Rxf1+ 22. Qxf1 Qc7 $18) 20... f5 21. Qf4 (21. Rc3 $142 $5 Qd5 22. Qf3 Bd7 $18)
21... Qd5 $2 (21... Qb6 22. h4 Ra7 23. h5 $18) 22. Rd1 Qxa2 (22... Qc5 23. Rc3
Qa7 $18) 23. Ra3 (23. Rxg7+ $1 Kh8 24. Qh6 Qa1+ 25. Kd2 Qa5+ 26. c3 Qxc3+ 27.
bxc3 b4 28. Qxh7#) 23... Qa1+ (23... Qxa3 24. bxa3 Ra7 $18) 24. Rxa1 1-0

[Event "ACS Fall Congress"]
[Site "?"]
[Date "1973.10.11"]
[Round "5"]
[White "Seirawan, Y."]
[Black "Bailey, B."]
[Result "1-0"]
[WhiteElo "2057"]
[BlackElo "2056"]
[Annotator "Stockfish 14 (15s)"]
[PlyCount "47"]
[EventDate "1973.??.??"]

{C56: Two Knights: 4 d4 exd4 5 0-0 Nxe4} 1. e4 e5 2. Nf3 Nc6 3. Bc4 Nf6 4. d4
Nxe4 5. dxe5 Na5 6. Bxf7+ Kxf7 7. Qd5+ Ke8 8. Qxe4 Be7 9. O-O $146 (9. Nc3 Nc6
10. O-O Rb8 11. Nd5 b6 12. Qg4 Kf7 13. Ng5+ Kg8 14. Nf6+ Bxf6 15. Qc4+ {
1-0 (15) Ravagnati,W-Ballabio,R Corsico 1990}) 9... Rb8 (9... Nc6 10. Re1 $18)
10. Rd1 (10. Nc3 b5 11. Nd5 Bb7 $18) 10... b6 (10... b5 11. Qg4 Kf8 12. a4 $18)
11. e6 $1 d6 (11... dxe6 12. Rxd8+ {Deflection Pinning} (12. Qa4+ {Decoy})) 12.
Qf5 (12. Nc3 $5 Bb7 13. Nd5 Bf6 $18) 12... Bf6 (12... Rf8 13. Qh5+ g6 14. Qxh7
Bxe6 15. Nd4 $18) 13. Ng5 (13. Nc3 $142 Bb7 14. Ne5 Qe7 $18) 13... g6 14. Qg4
Qe7 15. Re1 Kf8 (15... h5 16. Qe4 Rg8 17. Nc3 Bxc3 18. bxc3 $18) 16. Nc3 Bb7 (
16... h5 17. Qg3 Bb7 18. Nf7 $18) 17. Nf7 Rg8 18. Bh6+ Ke8 (18... Rg7 19. h4
Kg8 20. Bxg7 Bxg7 21. h5 gxh5 22. Qxh5 $18) 19. Rad1 Bg7 (19... a6 20. Ne4 Bxe4
21. Qxe4 $18) 20. Bf4 Bc6 21. Rxd6 $1 cxd6 22. Nxd6+ Kf8 23. Nf7 (23. Bg5 Qxd6
24. Nb5 Be5 25. Nxd6 h5 26. Bh6+ Ke7 27. Qg5+ Bf6 28. Qf4 Rbd8 29. Nb7 Rc8 30.
Bg5 Rgf8 31. Qd6+ Ke8 32. e7 Rh8 33. Qd8+ Kf7 34. Nd6+ Kg7 35. e8=N+ Bxe8 36.
Qxf6+ Kg8 37. Rxe8+ Rxe8 38. Qf7#) 23... Rd8 (23... Bxc3 24. bxc3 Rg7 25. Bxb8
Rxf7 26. Qd4 $18) 24. Nxd8 (24. Nxd8 Bxc3 25. bxc3 Qxd8 26. e7+ Qxe7 27. Bh6+
Rg7 28. Qc8+ Be8 29. Rxe7 Kxe7 30. Qc7+ Ke6 31. Qxg7 Ba4 32. Qd4 g5 33. Qxa4
Kd6 34. Bxg5 Nc6 35. Bf4+ Kd7 36. Qb5 h6 37. Qd5+ Ke8 38. Qxc6+ Ke7 39. Bxh6 b5
40. Bg5+ Kf8 41. Qf6+ Kg8 42. Bh6 b4 43. Qg7#) 1-0

[Event "ACS Fall Congress"]
[Site "?"]
[Date "1973.10.12"]
[Round "6"]
[White "Bailey, B."]
[Black "Preskitt, R."]
[Result "1/2-1/2"]
[WhiteElo "2056"]
[BlackElo "1857"]
[Annotator "Stockfish 14 (15s)"]
[PlyCount "68"]
[EventDate "1973.??.??"]

{B98: Sicilian Najdorf: 6 Bg5 e6 7 f4 Be7, sidelines} 1. e4 c5 2. Nf3 d6 3. d4
cxd4 4. Nxd4 Nf6 5. Nc3 a6 6. Bg5 e6 7. f4 Be7 8. Bd3 O-O (8... h6 9. Bxf6 Bxf6
10. Nf3 Qb6 11. e5 Qe3+ 12. Qe2 Qxe2+ 13. Kxe2 Be7 14. Ne4 dxe5 15. Nxe5 Nd7
16. Rad1 Nxe5 17. fxe5 Bd7 18. c4 O-O 19. Nd6 Bc6 20. Rhg1 f6 21. c5 fxe5 22.
Bc4 Rf6 23. Rgf1 {Tseitlin,M (2465)-Bangiev,A (2390) Budapest 1990 0-1 (44)})
9. e5 $146 (9. Qf3 Nbd7 10. O-O-O Qc7 11. Qh3 (11. Rhe1 Rb8 12. Kb1 Qc5 13. Nb3
Qc6 14. Qh3 e5 15. f5 Re8 16. Re3 d5 17. Nxd5 Nxd5 18. exd5 Qxd5 19. Bxe7 Rxe7
20. Qh4 Re8 21. f6 g6 22. g4 Qd6 23. g5 Qf8 24. Be2 Nb6 25. Bg4 Bxg4 {
Fuchs,J (2007)-Billing,T (1644) Willingen 2006 1-0 (69)}) 11... Nc5 12. g4 b5
13. a3 Bb7 14. Qf3 Rab8 15. Nde2 Ba8 16. Bxf6 Bxf6 17. g5 Bxc3 18. Nxc3 b4 19.
axb4 Rxb4 20. Na2 Nxd3+ 21. Rxd3 Bxe4 22. Rc3 Qb7 {
0-1 (22) Ssegirinya,J (2035)-Nguyen Anh Dung (2484) Shenyang 1999}) (9. Qe2 Nc6
10. Nxc6 bxc6 11. O-O-O d5 12. exd5 cxd5 13. Rhe1 Rb8 14. f5 Qa5 15. Qe5 Nd7
16. Qxb8 Bxg5+ {0-1 (16) Platek,A (1600)-Lenda,L (1600) Krakow 2005}) (9. Qf3
e5 10. Nf5 Bxf5 11. exf5 Nbd7 $11) 9... dxe5 10. fxe5 Nd5 11. Bxe7 Nxe7 (11...
Qxe7 $142 $5 12. O-O Nxc3 13. bxc3 b5 $11) 12. Qg4 $16 Nec6 $4 (12... Qa5 $142
13. O-O-O Qxe5 14. Bxh7+ Kxh7 15. Qh4+ Kg6 16. Qxe7 Qg5+ 17. Qxg5+ Kxg5 18.
Nf3+ Kf6 $16) 13. O-O-O $18 Qc7 (13... Qe7 14. Nf3 g6 15. Be4 $18) 14. Nf3 (14.
Bxh7+ Kxh7 15. Ne4 g6 16. Qh4+ Kg7 $18) 14... h6 (14... g6 15. Qg3 Nd7 $18) 15.
Rhe1 (15. Qe4 $142 g6 16. h4 $18) 15... Nd7 $16 16. Qe4 g6 $4 (16... f5 $142
17. exf6 Nxf6 $16) 17. Qf4 (17. h4 b5 18. h5 f5 19. exf6 Nxf6 20. Qxg6+ Qg7 21.
Qxg7+ Kxg7 $18) 17... Kg7 (17... f5 18. Kb1 Kg7 19. g4 $18) 18. h4 h5 (18...
Ra7 19. Kb1 b6 20. g4 $18) 19. Bc4 (19. Kb1 $142 Qa5 20. a3 $18) 19... b5 20.
Rxd7 $4 (20. Bb3 $142 Ra7 21. Kb1 $18) 20... Bxd7 (20... Qxd7 $142 $5 21. Bd3
f5 $11) 21. Bd3 $16 Qd8 22. g4 f5 $4 (22... hxg4 $142 23. Qxg4 Rh8 $16) 23.
gxh5 $18 Rh8 24. hxg6 Rh6 (24... Qe7 25. Ne2 Nb4 $18) 25. Ng5 (25. Ne4 $142 Qe7
26. Nf6 $18) 25... Rxg6 $4 (25... Qe7 $142 26. Be2 Rxg6 $16) 26. Rg1 $18 Qb6 (
26... Qh8 27. Nce4 $1 Kf8 28. Nf6 $18) 27. Ne2 (27. Nxe6+ $142 Bxe6 28. Rxg6+
Kxg6 29. Qg5+ Kf7 30. Qf6+ Kg8 31. Qxe6+ Kg7 32. Qf6+ Kg8 33. Qg5+ Kh8 34. Qh6+
Kg8 35. Bxf5 Qg1+ 36. Nd1 Nxe5 37. Qh7+ Kf8 38. Qh8+ Qg8 39. Qxe5 $18) 27...
Rh8 28. Nxe6+ (28. Qg3 $142 Kg8 29. Nf4 $18) 28... Bxe6 $11 29. Rxg6+ Kxg6 30.
Qg5+ Kh7 31. Qh5+ Kg7 32. Qg5+ Kh7 33. Qh5+ Kg7 34. Qg5+ Kh7 1/2-1/2